| 000 | 01189nam a2200361 i 4500 | ||
|---|---|---|---|
| 999 |
_c200459308 _d77520 |
||
| 001 | 200459308 | ||
| 003 | TR-AnTOB | ||
| 005 | 20240219095417.0 | ||
| 007 | ta | ||
| 008 | 240219s2023 b 000 0 tur d | ||
| 020 |
_a9786052642160 _q(paperback) |
||
| 035 | _a(TR-AnTOB)200459308 | ||
| 040 |
_aTR-AnTOB _beng _erda _cTR-AnTOB |
||
| 041 | 0 | _atur | |
| 050 | 4 |
_aKKX3512.5 _b.B353 2023 |
|
| 090 |
_aKKX3512.5 _b.B353 2023 |
||
| 100 | 1 |
_aBalcı, Murat _eauthor _9121758 |
|
| 245 | 1 | 0 |
_aSosyal medyada işlenen suçlar / _cProf. Dr. Murat Balcı, Doç. Dr. Kerim Çakır. |
| 250 | _aBirinci baskı. | ||
| 264 | 1 |
_aAnkara : _bAdalet Yayınevi, _c2023. |
|
| 300 |
_a304 pages ; _c24 cm |
||
| 336 |
_atext _btxt _2rdacontent |
||
| 337 |
_aunmediated _bn _2rdamedia |
||
| 338 |
_avolume _bnc _2rdacarrier |
||
| 490 | 0 |
_aHukuk Yayınları dizisi ; _v3401. _aDijital Ceza Hukuku ; _vI |
|
| 504 | _aBIB | ||
| 650 | 7 |
_aSosyal medya _xHukuk ve mevzuat _zTürkiye _2etuturkob _9144970 |
|
| 650 | 0 |
_aİnternet _xHukuk ve mevzuat _zTürkiye _934088 |
|
| 650 | 0 |
_aBilgisayar suçları _zTürkiye _9116125 |
|
| 700 | 1 |
_aÇakır, Kerim _eauthor _9121401 |
|
| 942 |
_2lcc _cBK |
||